|
|
|
|
| LEADER |
00000cam a2200000 7i4500 |
| 001 |
0000000682 |
| 005 |
20151222.0 |
| 008 |
070702 |
| 020 |
|
|
|a 9838914398
|
| 020 |
|
|
|a 9838914460(set)
|
| 090 |
0 |
0 |
|a JF
|b MAL (352)
|
| 100 |
0 |
|
|a Ghazali Ngah Azia
|
| 100 |
0 |
|
|a JF
|b SC MAL (752)
|
| 100 |
0 |
|
|a Perintis pealan induk
|c Ghazali Ngah Azia
|
| 245 |
1 |
0 |
|a Pecah tabung
|c Ghazali Ngah Azia
|
| 260 |
|
|
|a Selangor :
|b Penerbitan Orkid ,
|c 2006
|
| 440 |
|
0 |
|a Siri nilai klasik
|
| 500 |
|
|
|a Children ages 7-9 years old (orange)
|
| 650 |
|
0 |
|a Malay language
|x Readers
|x Fiction
|
| 999 |
|
|
|a 0000919148
|b Book
|c Children Collection
|e Cawangan Bukit Gambir
|
| 999 |
|
|
|a 0000919149
|b Book
|c Children Collection
|e Cawangan Bukit Gambir
|
| 999 |
|
|
|a 0000931299
|b Book
|c Children Collection
|e Cawangan Tangkak
|
| 999 |
|
|
|a 0000931300
|b Book
|c Children Collection
|e Cawangan Tangkak
|
| 999 |
|
|
|a 0000931301
|b Book
|c Children Collection
|e Cawangan Tangkak
|
| 999 |
|
|
|a 0000959225
|b Book
|c Children Collection
|e Perbadanan Perpustakaan Awam Johor
|
| 999 |
|
|
|a 0000959226
|b Book
|c Children Collection
|e Perbadanan Perpustakaan Awam Johor
|
| 999 |
|
|
|a 0000959227
|b Book
|c Children Collection
|e Cawangan Mersing
|
| 999 |
|
|
|a 0000971511
|b Book
|c Children Collection
|e Cawangan Pontian
|
| 999 |
|
|
|a 0000971513
|b Book
|c Children Collection
|e Cawangan Segamat
|